[Event "Cali Valle Colombia op-A"]
[Site "Cali Valle Colombia"]
[Date "2022.12.28"]
[Round "5"]
[White "Malka, Samuel"]
[Black "Torres, Juan Camilo"]
[Result "0-1"]
[WhiteElo "2265"]
[BlackElo "2311"]
[PlyCount "70"]
[EventDate "2022.12.26"]
[EventType "swiss"]
[EventRounds "9"]
[EventCountry "COL"]
[SourceTitle "CBM 211 Extra"]
[Source "ChessBase"]
[SourceDate "2023.01.31"]
[SourceVersion "1"]
[SourceVersionDate "2023.01.31"]
[SourceQuality "1"]

1. d4 Nf6 2. c4 e6 3. g3 c5 4. d5 exd5 5. cxd5 d6 6. Nc3 g6 7. Nf3 Bg7 8. Bg2 0-0 9. 0-0 a6 10. a4 Nbd7 11. Bf4 Qe7 12. h3 Nh5 13. Bg5 f6 14. Bd2 f5 15. Bg5 Ndf6 16. e4 fxe4 17. Re1 Qf7 18. Nh2 Ne8 19. Qd2 Nhf6 20. Nf1 Bd7 21. Qf4 Rb8 22. Ne3 b5 23. axb5 axb5 24. Ra7 Nh5 25. Qxf7+ Rxf7 26. g4 Nhf6 27. Rea1 b4 28. Na4 Bb5 29. Ra5 Bd3 30. Rd1 Nd7 31. b3 Bd4 32. Rd2 Ne5 33. Ra2 c4 34. Nxc4 Nxc4 35. bxc4 b3 0-1

[Event "COL-chT"]
[Site "Santa Marta"]
[Date "2022.11.04"]
[Round "5.2"]
[White "Torres, Juan Camilo"]
[Black "Valderrama Quiceno, Esteban Alberto"]
[Result "1/2-1/2"]
[WhiteElo "2304"]
[BlackElo "2439"]
[PlyCount "95"]
[EventDate "2022.11.02"]
[EventType "team-swiss"]
[EventRounds "7"]
[EventCountry "COL"]
[SourceTitle "CBM 211 Extra"]
[Source "ChessBase"]
[SourceDate "2023.01.31"]
[SourceVersion "1"]
[SourceVersionDate "2023.01.31"]
[SourceQuality "1"]
[WhiteTeam "Caldas"]
[BlackTeam "Antioquia"]
[WhiteTeamCountry "COL"]
[BlackTeamCountry "COL"]

1. d4 Nf6 2. Nf3 e6 3. e3 c5 4. Bd3 cxd4 5. exd4 Be7 6. 0-0 0-0 7. c4 d5 8. Nc3 dxc4 9. Bxc4 Nc6 10. Re1 b6 11. a3 Bb7 12. Ba2 Rc8 13. Qd3 Qd6 14. Bg5 Rfd8 15. Rad1 h6 16. Bh4 Qf4 17. Rxe6 fxe6 18. Bxe6+ Kh8 19. Bg3 Nxd4 20. Nxd4 Qg5 21. Bxc8 Bxc8 22. Qe2 Re8 23. Nf3 Qh5 24. Ne5 Qf5 25. Qd3 Qxd3 26. Rxd3 Kh7 27. Nd5 Bf5 28. Rd1 Nxd5 29. Rxd5 Rc8 30. h3 Be6 31. Rd2 Rc1+ 32. Kh2 Bf6 33. Nd3 Rb1 34. Be5 Bg5 35. f4 Be7 36. Bc3 Bd6 37. Be5 Bf8 38. Kg3 Rf1 39. Nf2 Be7 40. Bd4 Re1 41. Rd3 g5 42. fxg5 hxg5 43. Re3 Rxe3+ 44. Bxe3 Kg6 45. Bd4 Kf5 46. Kh2 Bd6+ 47. g3 Bd5 48. Bc3 1/2-1/2

[Event "COL-ch"]
[Site "Boyaca"]
[Date "2022.08.19"]
[Round "5"]
[White "Torres, Juan Camilo"]
[Black "Marin, Sebastian"]
[Result "1/2-1/2"]
[WhiteElo "2265"]
[BlackElo "2296"]
[PlyCount "74"]
[EventDate "2022.08.17"]
[EventType "swiss"]
[EventRounds "9"]
[EventCountry "COL"]
[SourceTitle "CBM 210 Extra"]
[Source "ChessBase"]
[SourceDate "2022.11.30"]
[SourceVersion "1"]
[SourceVersionDate "2022.11.30"]
[SourceQuality "1"]

1. d4 Nf6 2. c4 e6 3. Nf3 Bb4+ 4. Bd2 a5 5. g3 d6 6. Bg2 Nbd7 7. 0-0 e5 8. Nc3 0-0 9. a3 Bxc3 10. Bxc3 e4 11. Ng5 Re8 12. f3 exf3 13. exf3 Nd5 14. cxd5 Qxg5 15. f4 Qd8 16. f5 b6 17. g4 Ba6 18. Re1 Qh4 19. Rc1 h5 20. h3 hxg4 21. Qxg4 Qxg4 22. hxg4 Kf8 23. Bd2 Rac8 24. Bf3 Nf6 25. Rxe8+ Nxe8 26. Kf2 Rd8 27. Bg5 Rd7 28. Bh4 f6 29. Bg3 Ke7 30. Bf4 Kd8 31. Rh1 Re7 32. Rh8 Bd3 33. Rh1 Be4 34. b4 axb4 35. axb4 Kd7 36. Rc1 g5 37. Be3 Kd8 1/2-1/2

[Event "Manizales op 27th"]
[Site "Manizales"]
[Date "2022.01.09"]
[Round "6"]
[White "Zapata Cuartas, Juan Carlos"]
[Black "Torres, Juan Camilo"]
[Result "0-1"]
[WhiteElo "2056"]
[BlackElo "2324"]
[PlyCount "48"]
[EventDate "2022.01.06"]
[EventType "swiss"]
[EventRounds "8"]
[EventCountry "COL"]
[SourceTitle "CBM 206 Extra"]
[Source "ChessBase"]
[SourceDate "2022.03.31"]
[SourceVersion "1"]
[SourceVersionDate "2022.03.31"]
[SourceQuality "1"]

1. d4 d5 2. c4 c6 3. Nf3 Nf6 4. Nc3 dxc4 5. a4 Bf5 6. e3 e6 7. Bxc4 Bb4 8. 0-0 Nbd7 9. Qb3 a5 10. Bd2 0-0 11. Rfd1 Qe7 12. Re1 Bg4 13. Ng5 Rad8 14. f4 h6 15. Nge4 c5 16. Nf2 cxd4 17. exd4 Nc5 18. Qa2 Rxd4 19. Be3 Rdd8 20. h3 Bf5 21. g4 Bh7 22. f5 exf5 23. g5 hxg5 24. Bxg5 Qd6 0-1

[Event "Manizales op 27th"]
[Site "Manizales"]
[Date "2022.01.08"]
[Round "5"]
[White "Torres, Juan Camilo"]
[Black "Vargas, Eduar Misael"]
[Result "1-0"]
[WhiteElo "2324"]
[BlackElo "1926"]
[PlyCount "39"]
[EventDate "2022.01.06"]
[EventType "swiss"]
[EventRounds "8"]
[EventCountry "COL"]
[SourceTitle "CBM 206 Extra"]
[Source "ChessBase"]
[SourceDate "2022.03.31"]
[SourceVersion "1"]
[SourceVersionDate "2022.03.31"]
[SourceQuality "1"]

1. d4 Nf6 2. Nf3 g6 3. c4 Bg7 4. Nc3 0-0 5. g3 d6 6. Bg2 Nbd7 7. 0-0 c6 8. e4 e5 9. h3 a6 10. a4 Rb8 11. Bg5 h6 12. Be3 b5 13. axb5 axb5 14. dxe5 Nxe5 15. cxb5 cxb5 16. Nxe5 dxe5 17. Qc1 Kh7 18. Bc5 Re8 19. Rd1 Qc7 20. Bd6 1-0